000 00886cam a2200277Ia 4500
008
020 _a9781439079676 (pbk.)
049 _aMAIN
090 _aTK5105.875.I57
_bSHE
100 1 _aShelly, Gary B.
245 1 0 _aDiscovering the Internet :
_bcomplete concepts and techniques /
_cGary B. Shelly, H. Albert Napier, Ollie Rivers.
250 _a3rd ed
260 _aBoston, Massachusetts :
_bCourse Technology/Cengage Learning,
_c2010.
300 _a1 v. (various pagings) :
_bcol. ill. ;
_c28 cm.
490 1 _aShelly Cashman series.
500 _aIncludes index.
650 0 _aInternet.
700 1 _aNapier, H. Albert.
700 1 _aRivers, Ollie N.
800 1 _aShelly, Gary B.
907 _a.b10387894
_b18-01-18
_c18-01-18
003
005 20230123141054.0
040 _cNUST
942 _cBOOKS
_kTK5105.875.I57
_mSHE
999 _c167172
_d167172